LEADER 02967nam0 2200613 i 450 001 BRI0011921 005 20251003044047.0 010 $a8842040789 020 $aIT$b92-7626 100 $a19930728d1992 ||||0itac50 ba 101 | $aita 102 $ait 181 1$6z01$ai $bxxxe 182 1$6z01$an 200 1 $aViaggio in Italia$elettere familiari$fCharles de Brosses$gprefazione di Carlo Levi 210 $aRoma [etc.]$cLaterza$d1992 215 $aXVI, 764 p.$cill.$d23 cm 225 | $aStoria e memoria 300 $aTrad. di Bruno Schacherl. 314 $aSC/ 20/11/03 1902-1975 // Medico, narratore, saggista, pittore, collaboratore$9CFIV009251 314 $aSC/ 29/10/03 SC/UBO 10/05/01 SC/ICC 29/12/94$9CFIV116828 410 0$1001RAV0161823$12001 $aStoria e memoria 606 $aBROSSES, CHARLES DE$xLettere e carteggi$2FIR$3IEIC027511$9I 606 $aBROSSES, CHARLES DE$xLettere e carteggi$2FIR$3IEIC027511$9I 606 $aBrosses, Charles de$xDiari e memorie$2FIR$3LIGC025211$9I 676 $a914.5$9Geografia e viaggi. Italia$v14 676 $a914.5$9GEOGRAFIA. ITALIA$v20 676 $a914.5$9GEOGRAFIA. ITALIA$v21 676 $a914.504$9Geografia. Italia. Viaggi$v20 676 $a914.504$9$v21 676 $a914.50474$9VIAGGI IN ITALIA, 1700-1796$v20 696 $aCarteggi$aLettere 696 $aCarteggi$aLettere 696 $aMemorie$aDiari 699 $aLettere e carteggi$xCarteggi$xLettere 699 $aLettere e carteggi$xCarteggi$xLettere 699 $aDiari e memorie$xMemorie$xDiari 700 1$aBrosses$b, Charles : de$3CFIV116828$4070$0469077 702 1$aLevi$b, Carlo$f <1902-1975>$3CFIV009251 790 1$aLebi$b, Karlo$3PUVV323351$zLevi, Carlo <1902-1975> 790 1$aDe Brosses$b, Charles$3VEAV522432$zBrosses, Charles : de 801 3$aIT$bIT-000000$c19930728 850 $aIT-BN0095 $aIT-NA0079 $aIT-NA0070 $aIT-NA0452 $aIT-AV0045 901 $bNAP MV$cCAPODANNO $nDonazione degli eredi Michele Capodanno, gennaio 2012 901 $bNAP BU$c7 B $nPropedeutica. Formato cm. 20,1-28. 901 $bNAP MV$cE $nDEPOSITO LIBRARIO RELIGIONE SALA E 901 $bNAP BN$cMAGAZZINO $nmagazzini correnti divisi per anni 901 $bNAP IS$cISEM $nSezione di storia economica dell'ex Istituto di storia economica del Mezzogiorno 901 $bNAP 01$cPOZZO LIB.$nVi sono collocati fondi di economia, periodici di ingegneria e scienze, periodici di economia e statistica e altri fondi comprendenti documenti di economia pervenuti in dono. 912 $aBRI0011921 950 0$aBiblioteca Centralizzata di Ateneo$c1 v.$d 01POZZO LIB.ECON MON 9475$e 0101 0000087035E VMA 1 v. (precedente collocazione: GUERRAZZI B 161)$fB $h20070918$i20070918 977 $a 01$a BN$a BU$a IS$a MV 996 $aViaggio in Italia$9889329 997 $aUNISANNIO